000 00507nam a2200193Ia 4500
008 090123s9999 xx 000 0 und d
082 _b29722
100 _aओशो
245 _aध्यानसुत्र
250 _a1
260 _bमेहता प्रकाशन
300 _a177
600 _aओशो
630 _aध्यानसुत्र
700 _aओशो
700 _aकर्वे माधव
730 _aध्यानसुत्र
942 _cBOOK
999 _c68630
_d68630